| 000 | 02077nas a2200265 i 4500 | ||
|---|---|---|---|
| 003 | DO-SdBNP | ||
| 005 | 20260205111514.0 | ||
| 007 | ta | ||
| 008 | 260205e2025 dr an|p|r||||||0| | spa d | ||
| 040 |
_aDO-SdBNP _bspa _cBNPHU _erda |
||
| 041 | _aspa | ||
| 110 |
_aUniversidad Nacional para la Defensa "General Juan Pablo Duarte y Díez" (UNADE) _988954 |
||
| 245 |
_aXI Simposio internacional UNADE 2025, Seguridad Nacional y Comercio : _bestrategia para un desarrollo sostenible / _cUniversidad Nacional para la Defensa "General Juan Pablo Duarte y Díez" (UNADE) . |
||
| 246 | _aInforme Relatoría 2025 | ||
| 264 |
_aSanto Domingo, República Dominicana : _bMinisterio de Defensa República Dominicana, _c2025. |
||
| 300 |
_avolumen : _bilustraciones, fotografías ; _c23 cm. |
||
| 336 |
_atexto _btxt _2rdacontent |
||
| 337 |
_asin mediación _bn _2rdamedia |
||
| 338 |
_avolumen _bnc _2rdacarrier |
||
| 362 | _aNo. 11, 2025. | ||
| 500 | _aCatalogación basada en número: No. 11, 2025. | ||
| 520 | _aDurante el acto inaugural, el rector de la Universidad Nacional para la Defensa (UNADE), mayor general doctor Rafael Vásquez Espínola, ERD, ofreció las palabras de bienvenida, destacando que la institución, en cumplimiento de su misión y alineada con sus lineamientos estratégicos, organiza este simposio como una plataforma académica para reflexionar sobre los vínculos entre la seguridad, el desarrollo y el comercio en un entorno global cada vez más interconectado. En su intervención, el rector planteó que la seguridad nacional debe entenderse como una noción amplia e incluyente, que trasciende la defensa territorial e incorpora aspectos como la gobernanza democrática, la estabilidad institucional y la protección de los intereses nacionales. Asimismo, subrayó que el comercio constituye un pilar fundamental del desarrollo económico, y que su articulación con la seguridad reviste un carácter estructural y estratégico. | ||
| 650 | 0 |
_aInformes técnicos _vPublicaciones periódicas _zRepública Dominicana _97867 |
|
| 942 |
_2ddc _cISSUE |
||
| 999 |
_c60238 _d60238 |
||